Central Library OPAC University of Rajshahi

পদ্মাবতী সমীক্ষা / (Record no. 41047)

MARC details
000 -LEADER
fixed length control field 00896nam a2200241 a 4500
001 - CONTROL NUMBER
control field 41047
003 - CONTROL NUMBER IDENTIFIER
rucl marc code BD-RjUL
005 - DATE AND TIME OF LATEST TRANSACTION
control field 20211209053323.0
008 - FIXED-LENGTH DATA ELEMENTS--GENERAL INFORMATION
fixed length control field 160514s1997 bg ||||| b||| 00| 0 ben d
020 ## - INTERNATIONAL STANDARD BOOK NUMBER
Terms of availability : TK 140.00
035 ## - SYSTEM CONTROL NUMBER
System control number (BD-RjUL)41163
040 ## - CATALOGING SOURCE
Original cataloging agency BD-RjUL
Language of cataloging ben
Transcribing agency BD-RjUL
041 ## - LANGUAGE CODE
Language code of text/sound track or separate title ben
082 ## - DEWEY DECIMAL CLASSIFICATION NUMBER
Edition number 23
Classification number 891.4409
Author mark and year BAP 1997
100 ## - MAIN ENTRY--PERSONAL NAME
Personal name বালা, অমৃত লাল
9 (RLIN) 126304
245 10 - TITLE STATEMENT
Title পদ্মাবতী সমীক্ষা /
Statement of responsibility, etc. অমৃত লাল বালা
250 ## - EDITION STATEMENT
Edition statement ১ম সং.
260 ## - PUBLICATION, DISTRIBUTION, ETC. (IMPRINT)
Place of publication, distribution, etc. রাজশাহী :
Name of publisher, distributor, etc. হামিদা বুক,
Date of publication, distribution, etc. ১৯৯৭
300 ## - PHYSICAL DESCRIPTION
Pagination [১০], ২৫৭ পৃ. ;
Size ২১ সেমি.
650 ## - SUBJECT ADDED ENTRY--TOPICAL TERM
Topical term or geographic name as entry element বাংলা সাহিত্য
General subdivision ইতিহাস ও সমালোচনা
9 (RLIN) 118060
Topical term or geographic name as entry element Bengali Literature
General subdivision History & Criticism
9 (RLIN) 120485
942 ## - ADDED ENTRY ELEMENTS (KOHA)
Source of classification or shelving scheme Dewey Decimal Classification
Koha item type Books
Holdings
Lost status Source of classification or shelving scheme Damaged status Not for loan Collection code Permanent Location Current Location Shelving location Date acquired Source of acquisition Cost, normal purchase price Total Checkouts Full call number Date last seen Date checked out Copy number Koha item type Coded location qualifier
  Dewey Decimal Classification     Non-fiction Central Library, University of Rajshahi Central Library, University of Rajshahi   27/11/1997 Hamida Book Corporation : Rajshahi 140.00 7 B 891.4409 BAP 1997 06/02/2025 22/01/2025 C-2 Books  
  Dewey Decimal Classification     Non-fiction Central Library, University of Rajshahi Central Library, University of Rajshahi   27/11/1997 Hamida Book Corporation : Rajshahi 140.00 1 B 891.4409 BAP 1997 27/10/2024 08/10/2024 C-3 Books
  Dewey Decimal Classification     Non-fiction Central Library, University of Rajshahi Central Library, University of Rajshahi   27/11/1997 Hamida Book Corporation : Rajshahi 140.00 1 B 891.4409 BAP 1997 30/06/2025 22/06/2025 C-4 Books
  Dewey Decimal Classification   Not For Loan Non-fiction Central Library, University of Rajshahi Central Library, University of Rajshahi Reading Room 27/11/1997 Haqmida Book corporation 140.00   B 891.4409 BAP 1997 30/01/2017   C-1 Books